Biblioteca y Centro de Documentación

Los contratos formativos en la reforma laboral de 2010 (Registro nro. 41317)

Detalles MARC
000 -CABECERA
Longitud fija campo de control 01041naa a2200289 c 4500
001 - NÚMERO DE CONTROL
Número de control 41317
003 - IDENTIFICADOR DE NÚMERO DE CONTROL
Identificador del número de control ES-MaCES
005 - FECHA Y HORA DE LA ÚLTIMA TRANSACCIÓN
Fecha y hora de la última transacción 20221201040017.0
008 - CAMPO FIJO DE DESCRIPCIÓN FIJA--INFORMACIÓN GENERAL
Códigos de información de longitud fija   110223n2010 sp t 000 | spa d
035 ## - NÚMERO DE CONTROL DEL SISTEMA
Número de control del sistema CES20110002080v
040 ## - FUENTE DE CATALOGACIÓN
Centro catalogador de origen ES-MaCES
Lengua de catalogación spa
Centro transcriptor ES-MaCES
100 1# - ENCABEZAMIENTO PRINCIPAL--NOMBRE PERSONAL
Nombre de persona Cavas Martínez, Faustino
9 (RLIN) 9355
245 14 - MENCIÓN DE TÍTULO
Título Los contratos formativos en la reforma laboral de 2010
Mención de responsabilidad, etc. Faustino Cavas Martínez
500 ## - NOTA GENERAL
Nota general Resumen
610 14 - ASIENTO SECUNDARIO DE MATERIA--NOMBRE CORPORATIVO
Nombre de entidad corporativa o nombre de jurisdicción como elemento inicial España
Título de la obra Ley de medidas urgentes para la reforma del mercado de trabajo
Fecha del congreso o de la firma de un tratado 2010
9 (RLIN) 2998
650 #4 - ASIENTO SECUNDARIO DE MATERIA--TÉRMINO DE MATERIA
Término de materia o nombre geográfico como elemento inicial procedimiento laboral
9 (RLIN) 30887
650 #4 - ASIENTO SECUNDARIO DE MATERIA--TÉRMINO DE MATERIA
Término de materia o nombre geográfico como elemento inicial sentencia judicial
9 (RLIN) 29888
650 #4 - ASIENTO SECUNDARIO DE MATERIA--TÉRMINO DE MATERIA
Término de materia o nombre geográfico como elemento inicial legislación del trabajo
9 (RLIN) 27166
650 #4 - ASIENTO SECUNDARIO DE MATERIA--TÉRMINO DE MATERIA
Término de materia o nombre geográfico como elemento inicial formación profesional
9 (RLIN) 27394
650 #4 - ASIENTO SECUNDARIO DE MATERIA--TÉRMINO DE MATERIA
Término de materia o nombre geográfico como elemento inicial contrato de aprendizaje
9 (RLIN) 29927
650 #4 - ASIENTO SECUNDARIO DE MATERIA--TÉRMINO DE MATERIA
Término de materia o nombre geográfico como elemento inicial trabajador
9 (RLIN) 28414
653 10 - TÉRMINO DE INDEXACIÓN--NO CONTROLADO
Término no controlado Jurisprudencia
773 0# - ENTRADA DE DOCUMENTO FUENTE
Título Aranzadi social
Parte(s) relacionada(s) n. 11 (oct. 2010){10650 R. 077967}; p. 11-26
Número de control del registro relacionado (ES-MaCES)25655
Itemnumber del ítem fuente 67524
902 ## - CES. TIPO DE DOCUMENTO
Tipodoc (006$c Sirtex) ART Artículo de revista
942 ## - ELEMENTOS KOHA
Fuente de clasificaión o esquema Clasificación propia del CES
Koha [por defecto] tipo de item Artículos (1982-2017)
Parte de clasificación 6.2.

No hay ítems disponibles.

© CES, Consejo Económico y Social de España 2021